[Event "GER-chT U14 Girls"]
[Site "Magdeburg"]
[Date "2012.12.29"]
[Round "6.2"]
[White "Simon, Tessa"]
[Black "Romanova, Alena"]
[Result "0-1"]
[WhiteElo "1578"]
[BlackElo "1590"]
[PlyCount "74"]
[EventDate "2012.12.27"]
[EventType "team-swiss"]
[EventRounds "7"]
[EventCountry "GER"]
[SourceTitle "EXT 2014"]
[Source "ChessBase"]
[SourceDate "2013.11.20"]
[SourceVersion "1"]
[SourceVersionDate "2013.11.20"]
[SourceQuality "1"]
[WhiteTeam "Muldental Wilkau Hasslau"]
[BlackTeam "Karlsruhe 1853"]
[WhiteTeamCountry "GER"]
[BlackTeamCountry "GER"]

1. e4 e6 2. d4 d5 3. Nc3 Bb4 4. e5 c5 5. a3 Ba5 6. b4 cxb4 7. Nb5 bxa3+ 8. c3 Bc7 9. Bxa3 Bd7 10. Nd6+ Bxd6 11. Bxd6 Ne7 12. Bd3 Nbc6 13. Qg4 Ng6 14. h4 h5 15. Qg3 Nce7 16. Ne2 Nf5 17. Bxf5 exf5 18. Nf4 Nxf4 19. Qxf4 g6 20. f3 a6 21. 0-0 Rc8 22. Rac1 Bb5 23. Rf2 Rc4 24. Qg3 Qc8 25. Qg5 Qe6 26. g4 fxg4 27. f4 Rc6 28. f5 gxf5 29. Rxf5 Kd7 30. Rf6 Qe8 31. Qf4 Kc8 32. Rxf7 Bd3 33. Re7 Qd8 34. Qf6 Qg8 35. Rf7 Qe8 36. Re7 Qg8 37. Qf4 Qd8 0-1